00569nam a22001697a 450000500170000001000150001702000270003203500140005903700140007308200140008710000170010124501080011826000320022627000940025830000290035270000180038120180427155502.0 aENG-122825 a9789386643803c2195.00 aEN-106357 bDBAD/PUB. a343.54055 aGarg, Rakesh aHSN Code-wise GST Tariff :cby Rakesh garg [and] Sandeep gargbrates, notifications and customs codes / aNew DelhibBloomsburyc2017 a2nd Floor, Building No.4, DDA Complex LSC, Pocket-C-6&&, Vasant Kunj, bNew Delhie110070v axviii, 1852p.c24cm(pbk) aGarg, Sandeep